00776nam a22002417a 45000010005000000030006000050050017000110080041000280200018000690400029000870500008001160820010001241000026001342450029001602600035001893000045002244900054002695050007003235200128003305210027004585210018004856500031005039115FISKH20251124154522.0251124b cb ||||| |||| 00| 0 eng d a9781730160035 aFISKHbengcFISKHdFISKH aPZ7 a398.2 aPrakash, Ved eAuthor aHello! /cBy Ved Prakash aNew Delhi :bDreamland ,c2008 a24 pages :bcolor illustrations ;c29 cm aCharacter-building stories for children :vBook 1 aG  aThis is the first book in the series. It contains three stories which make children learn how to be friendly and courteous.8 a350 bLexile estimate 8 aG bRaz-Plus  aCharacter-building vHello